Statystyki dla Kluby piłkarskie z Ekstraklasy

Kliknij tutaj aby rozwiązać quiz!

Ogólne statystyki

  • Ten quiz został rozwiązany 176 razy
  • Średni wynik to 13 z 16

Statystyki odpowiedzi

Lp.KlubyLiczba punktów% Poprawnych
1.Legia Warszawa51
99%
5.Lech Poznań42
95%
13.Wisła Kraków31
89%
7.Lechia Gdańsk38
87%
6.Pogoń Szczecin41
83%
4.Śląsk Wrocław42
83%
15.Arka Gdynia25
81%
3.Cracovia42
79%
8.Jagiellonia Białystok37
79%
2.PIast Gliwice43
77%
9.Raków Częstochowa36
77%
12.Górnik Zabrze33
71%
11.Zagłębie Lubin33
70%
14.Korona Kielce26
69%
10.Wisła Płock36
66%
16.ŁKS Łódź20
64%

Rozkład punktacji

Percentyl według liczby udzielonych odpowiedzi

Procent ludzi z każdym wynikiem

Twoja historia wyników

Nie rozwiązałeś tego quizu